| 000 | 01275nam a2200265 i 4500 | ||
|---|---|---|---|
| 001 | 181589 | ||
| 003 | ES-MaACL | ||
| 005 | 20250824085053.0 | ||
| 008 | 130221m18731876sp |||| | spa | ||
| 080 | _a355.48(460)"1516/56" | ||
| 080 | _a94(460)"1516/56" | ||
| 100 | 1 |
_aGarcía Cerezeda, Martín. _9152320 |
|
| 245 | 1 | 0 |
_aTratado de las campañas y otros acontecimientos de los ejércitos del Emperador Carlos V en Italia, Francia, Austria, Berbería y Grecia, desde 1521 hasta 1545 / _cpor Martín García Cerezeda ; publícalo la Sociedad de Bibliófilos Españoles. |
| 260 |
_aMadrid : _bSociedad de Bibliófilos Españoles, _c1873-1876 ( _fImp., Esterotipia y Galvanoplastia de Aribau y Cª (Suc. de Rivadeneyra) |
||
| 300 |
_a3 v. : _bil. ; _c23 cm. |
||
| 490 | 1 |
_aSociedad de Bibliófilos Españoles ; _v12 |
|
| 530 | _aDisponible en formato digital. | ||
| 651 | 4 |
_aEspaña- _xHistoria militar- _y1516-1700. _9157091 |
|
| 651 | 4 |
_aEspaña- _xHistoria- _y1516-1556, Carlos I. _98224 |
|
| 710 | 2 |
_aSociedad de Bibliófilos Españoles. _96661 |
|
| 830 | 1 | 0 |
_aSociedad de Bibliófilos Españoles _v12 _9187662 |
| 852 |
_aES-MaACL _jJ-7(12) |
||
| 856 |
_uhttp://bdh-rd.bne.es/viewer.vm?id=0000044492&page=1 _zBiblioteca Digital Hispánica |
||
| 999 |
_c181589 _d181589 |
||